000 00671nam a2200193 u 4500
001 000265310
003 AM-YeHGA
005 20250617125354.0
008 030924s1990 ||||||||||||||||||||rus d
020 _a5203011028
040 _aAM-YeHGA
100 1 _aБелоус, Владимир Семенович
245 1 0 _aСША :
_b"Бог на стороне больших батальонов" /
_cВ.С. Белоус ; Ред. В.В. Миргородский.
260 _aМосква :
_bВоениздат,
_c1990.
300 _a366 с.
650 1 4 _aВнешняя политика
700 1 _aМиргородский, В.В.
_eред.
_4edt
090 _c97681
999 _c96376
_d96376